000 01391nam a2200337Ia 4500
005 20250704133415.0
008 210122b ###||||| |||| 00| 0 spa d
040 _aBIBLIOTECA MUNICIPAL DE BARRANCO
_cBIBLIOTECA MUNICIPAL DE BARRANCO
041 _aspa
043 _cpe
082 _a985.019
_bB94N 1988.
100 _aBurga, Manuel
245 0 _aNacimiento de una utopía:
_bmuerte y resurrección de los incas /
_cManuel Burga ;
250 _a1a ed.
260 _aLima:
_bInstituto de Apoyo Agrario,
_c1988
300 _avii, 428 p., [45] p. de láms. :
_bil. (algunas col.), diagrs., mapas ;
_c21 cm.
500 _aGlosario: p. [403]-407.
504 _aBibliografía: p. [408]-426.
600 0 _97700
_aAtahualpa,Inca, 1500?-1533-Muerte y entierro.
650 0 _97701
_aIncas-Historia.
650 0 _97702
_aIndígenas del Perú-Ritos y ceremonias-Siglos XVI-XVII.
650 0 _97703
_aIndígenas del Perú-Religión y mitología-Siglos XVI-XVII.
650 0 _97704
_aCristianismo-Perú-Historia-Siglo XVII.
650 0 _97705
_aCosmogonía andina-Perú.
650 0 _97706
_aIncas-Historiografía.
651 0 _97707
_aPerú-Historia-Descubrimiento y Conquista, 1519-1536.
651 0 _97708
_aPerú-Historia-Época Colonial.
710 _91031
_aInstituto de Apoyo Agrario (Lima)
942 _cBK
_2ddc
_zAAOH
_e2025-07-04
999 _c5195
_d5195